00556nam a2200169 a 450000100100000000500170001000800410002702000150006804000250008308200150010810000220012324500750014526000720022030000270029250400330031970000340035200004457020201002045453.0140717s1987 dr a 000 0 spa d a8400067045 aDO-SdBNPbspacBNPHU axxxxbxxxx1 aMargalef Roig, J.10aTopología diferencial /cJ. Margaleff Roig, E. Outerelo Domínguez. aMadrid :bConsejo Superior de Investigaciones Científicas,c1987. a453 p :bil. ;c24 cm. aBibliografía: p. [443]-44512aOuterelo Domínguez, Enrique